[Event "Pilsen Region-chT 2223"]
[Site "Czech Republic"]
[Date "2022.11.13"]
[Round "3.2"]
[White "Toman, Jan"]
[Black "Hladik, Pavel"]
[Result "1/2-1/2"]
[WhiteElo "2125"]
[BlackElo "1958"]
[PlyCount "136"]
[EventDate "2022.10.09"]
[EventType "team-tourn"]
[EventRounds "11"]
[EventCountry "CZE"]
[SourceTitle "EXT 2024"]
[Source "ChessBase"]
[SourceDate "2023.10.10"]
[SourceVersion "1"]
[SourceVersionDate "2023.10.10"]
[SourceQuality "1"]
[WhiteTeam "Tachov"]
[BlackTeam "Plzen Kosutka"]
[WhiteTeamCountry "CZE"]
[BlackTeamCountry "CZE"]

1. d4 Nf6 2. c4 g6 3. Nc3 d5 4. cxd5 Nxd5 5. e4 Nxc3 6. bxc3 Bg7 7. Nf3 0-0 8. Be2 c5 9. Rb1 Nc6 10. d5 Bxc3+ 11. Bd2 Bxd2+ 12. Qxd2 Nd4 13. Nxd4 cxd4 14. Qxd4 b6 15. 0-0 Bb7 16. Rfd1 Rc8 17. Qa4 Ra8 18. Rb3 Qd6 19. Re3 Rfd8 20. h4 a6 21. h5 Qe5 22. hxg6 hxg6 23. Qb4 Rd6 24. Rf1 g5 25. Rg3 Kh7 26. Bh5 Rf6 27. Bg4 Bc8 28. Be2 Bd7 29. Qd2 Rf4 30. Qb4 b5 31. Qc3 Qxc3 32. Rxc3 f5 33. Rc7 Rd8 34. exf5 Kg7 35. Rd1 Kf6 36. d6 e6 37. fxe6 Kxe6 38. Rc5 Kf6 39. Bf3 Rc4 40. Rxc4 bxc4 41. Kf1 Be6 42. Ke1 Ke5 43. Kd2 Rxd6+ 44. Kc3 Rxd1 45. Bxd1 Kd5 46. Bf3+ Kc5 47. g3 Bf7 48. Be4 a5 49. a3 Kb5 50. Bc2 Kc5 51. Bd1 Be6 52. Be2 Bf7 53. f4 gxf4 54. gxf4 Be6 55. Bh5 Bf5 56. Bf7 Bd3 57. Be6 Bf1 58. f5 Bh3 59. Bc8 Bf1 60. f6 Kd6 61. Kd4 Be2 62. f7 Ke7 63. Be6 a4 64. Kc3 Bh5 65. Kxc4 Bxf7 66. Bxf7 Kxf7 67. Kb4 Ke7 68. Kxa4 Kd7 1/2-1/2

[Event "Teplice City-ch"]
[Site "Teplice"]
[Date "2022.04.08"]
[Round "2"]
[White "Kubik, Miroslav"]
[Black "Toman, Jan"]
[Result "0-1"]
[WhiteElo "1610"]
[BlackElo "1825"]
[PlyCount "70"]
[EventDate "2022.04.05"]
[EventType "tourn"]
[EventRounds "13"]
[EventCountry "CZE"]
[SourceTitle "EXT 2023"]
[Source "ChessBase"]
[SourceDate "2022.10.05"]
[SourceVersion "1"]
[SourceVersionDate "2022.10.05"]
[SourceQuality "1"]

1. d4 d5 2. c4 e6 3. Nc3 Nf6 4. Nf3 c6 5. cxd5 exd5 6. Bg5 Nbd7 7. e3 h6 8. Bh4 g5 9. Bg3 Nh5 10. Be2 Nxg3 11. hxg3 Bg7 12. Qc2 Nb6 13. Nd2 Be6 14. Nb3 Qe7 15. Nc5 0-0 16. Nxe6 fxe6 17. f4 c5 18. 0-0-0 cxd4 19. Rxd4 gxf4 20. Rxf4 Rxf4 21. gxf4 Rc8 22. Kb1 Bxc3 23. bxc3 Qg7 24. Bg4 Qxg4 25. Rxh6 Qf5 26. g4 Qxc2+ 27. Kxc2 Rc6 28. Kb3 Nc4 29. f5 exf5 30. Rxc6 bxc6 31. gxf5 Nxe3 32. Kb4 Nxf5 33. Kc5 Ne7 34. Kd6 Kf7 35. Kc7 c5 0-1

[Event "Pardubice op rapid 32nd"]
[Site "Pardubice"]
[Date "2021.07.22"]
[Round "4"]
[White "Rasik, Vitezslav"]
[Black "Toman, Jan"]
[Result "1-0"]
[WhiteElo "2437"]
[BlackElo "2092"]
[PlyCount "51"]
[EventDate "2021.07.21"]
[EventType "swiss (rapid)"]
[EventRounds "9"]
[EventCountry "CZE"]
[SourceTitle "CBM 203 Extra"]
[Source "ChessBase"]
[SourceDate "2021.09.30"]
[SourceVersion "1"]
[SourceVersionDate "2021.09.30"]
[SourceQuality "1"]

1. e4 e6 2. d3 d5 3. Nd2 Nf6 4. Ngf3 Be7 5. g3 c5 6. Bg2 Nc6 7. 0-0 0-0 8. Re1 b5 9. a4 b4 10. exd5 exd5 11. d4 c4 12. Ne5 Nxd4 13. Ndxc4 Ne6 14. Nc6 Qc7 15. Nxe7+ Qxe7 16. Na5 Ba6 17. Bg5 Rac8 18. Nb3 h6 19. Be3 Qc7 20. Rc1 Rfd8 21. Nd4 Nc5 22. Nf5 Qd7 23. Bh3 Ne6 24. Bd4 Rc6 25. Bxf6 gxf6 26. Qh5 1-0

[Event "Pardubice op rapid 32nd"]
[Site "Pardubice"]
[Date "2021.07.21"]
[Round "3"]
[White "Toman, Jan"]
[Black "Rogozenco, Dorian"]
[Result "1/2-1/2"]
[WhiteElo "2092"]
[BlackElo "2482"]
[PlyCount "29"]
[EventDate "2021.07.21"]
[EventType "swiss (rapid)"]
[EventRounds "9"]
[EventCountry "CZE"]
[SourceTitle "CBM 203 Extra"]
[Source "ChessBase"]
[SourceDate "2021.09.30"]
[SourceVersion "1"]
[SourceVersionDate "2021.09.30"]
[SourceQuality "1"]

1. Nf3 Nf6 2. g3 g6 3. Bg2 Bg7 4. 0-0 0-0 5. d4 d6 6. Nc3 c6 7. e4 Nbd7 8. a4 e5 9. Be3 b6 10. Re1 a6 11. dxe5 dxe5 12. Qd6 Bb7 13. Rad1 Re8 14. Bh3 Re7 15. Nxe5 1/2-1/2

[Event "Cattolica Summer GM Mix"]
[Site "Cattolica"]
[Date "2021.05.25"]
[Round "8"]
[White "Costa, Leonardo"]
[Black "Toman, Jan"]
[Result "1/2-1/2"]
[WhiteElo "2069"]
[BlackElo "2062"]
[PlyCount "54"]
[EventDate "2021.05.21"]
[EventType "swiss"]
[EventRounds "9"]
[EventCountry "ITA"]
[SourceTitle "CBM 202 Extra"]
[Source "ChessBase"]
[SourceDate "2021.07.31"]
[SourceVersion "1"]
[SourceVersionDate "2021.07.31"]
[SourceQuality "1"]

1. e4 c5 2. Nf3 e6 3. d4 cxd4 4. Nxd4 Nc6 5. Nc3 Qc7 6. g3 a6 7. Bg2 Nf6 8. 0-0 Nxd4 9. Qxd4 Bc5 10. Bf4 d6 11. Qd2 h6 12. Rad1 e5 13. Be3 Bb4 14. Nb5 axb5 15. Qxb4 Rxa2 16. Rxd6 0-0 17. Rfd1 Qxc2 18. Qxb5 Qxb2 19. Qxb2 Rxb2 20. Bxh6 gxh6 21. Rxf6 Kg7 22. Rfd6 Be6 23. R6d2 Rxd2 24. Rxd2 Ra8 25. f4 b5 26. Rb2 b4 27. Rxb4 Ra1+ 1/2-1/2

[Event "Cattolica Summer GM Mix"]
[Site "Cattolica"]
[Date "2021.05.22"]
[Round "3"]
[White "Toman, Jan"]
[Black "Ermitsch, Magnus"]
[Result "1-0"]
[WhiteElo "2062"]
[BlackElo "2032"]
[PlyCount "63"]
[EventDate "2021.05.21"]
[EventType "swiss"]
[EventRounds "9"]
[EventCountry "ITA"]
[SourceTitle "CBM 202 Extra"]
[Source "ChessBase"]
[SourceDate "2021.07.31"]
[SourceVersion "1"]
[SourceVersionDate "2021.07.31"]
[SourceQuality "1"]

1. d4 Nf6 2. c4 e6 3. Nc3 Bb4 4. e3 d5 5. cxd5 exd5 6. Bd3 0-0 7. Nge2 Nbd7 8. a3 Bd6 9. 0-0 Re8 10. f3 c5 11. Qe1 Nf8 12. Nb5 Be7 13. Bd2 a6 14. Nbc3 Ne6 15. Qf2 Qb6 16. Rab1 Qa7 17. Kh1 b5 18. b4 cxd4 19. exd4 Bd7 20. g4 Bc6 21. g5 Nd7 22. f4 f6 23. Rg1 Ndf8 24. Rg2 Red8 25. Rbg1 Be8 26. f5 Nc7 27. Qh4 Qb6 28. gxf6 Bxf6 29. Bg5 Bxg5 30. Qxg5 Rd7 31. h4 Rdd8 32. Nf4 1-0

[Event "Bassano del Grappa GM Mix 2nd"]
[Site "Bassano del Grappa"]
[Date "2021.03.26"]
[Round "5"]
[White "Janzelj, Tim"]
[Black "Toman, Jan"]
[Result "1-0"]
[WhiteElo "2468"]
[BlackElo "2029"]
[PlyCount "45"]
[EventDate "2021.03.24"]
[EventType "swiss"]
[EventRounds "9"]
[EventCountry "ITA"]
[SourceTitle "CBM 201 Extra"]
[Source "ChessBase"]
[SourceDate "2021.05.31"]
[SourceVersion "1"]
[SourceVersionDate "2021.05.31"]
[SourceQuality "1"]

1. Nf3 Nf6 2. c4 e6 3. g3 b6 4. Bg2 Bb7 5. 0-0 Be7 6. b3 0-0 7. Bb2 d5 8. e3 c5 9. Qe2 Nc6 10. Rd1 Qc7 11. Nc3 Rfd8 12. Rac1 Rac8 13. d4 Qb8 14. cxd5 Nxd5 15. Nxd5 Rxd5 16. e4 Rdd8 17. d5 Na5 18. dxe6 fxe6 19. Bh3 Rxd1+ 20. Rxd1 Re8 21. Bxe6+ Kh8 22. Ne5 Bc8 23. Qg4 1-0

[Event "Pardubice Kraj op-G"]
[Site "Pardubice"]
[Date "2020.09.23"]
[Round "2"]
[White "Karas, Marek"]
[Black "Toman, Jan"]
[Result "1-0"]
[WhiteElo "2279"]
[BlackElo "2038"]
[PlyCount "73"]
[EventDate "2020.09.23"]
[EventType "swiss (rapid)"]
[EventRounds "9"]
[EventCountry "CZE"]
[SourceTitle "CBM 198 Extra"]
[Source "ChessBase"]
[SourceDate "2020.11.30"]
[SourceVersion "1"]
[SourceVersionDate "2020.11.30"]
[SourceQuality "1"]

1. b3 d5 2. Bb2 Bg4 3. f3 Bh5 4. Nh3 Bg6 5. Nf4 e6 6. e3 Nd7 7. Nxg6 hxg6 8. f4 Ngf6 9. g3 Bd6 10. Bg2 c6 11. d3 Qc7 12. Nd2 0-0-0 13. Qf3 Qa5 14. a3 e5 15. b4 Qc7 16. f5 gxf5 17. Qxf5 Rh5 18. Qf3 Rdh8 19. g4 Rxh2 20. Rxh2 Rxh2 21. g5 Nh7 22. Nf1 Rh4 23. Qxf7 Ndf8 24. Qf5+ Qd7 25. Ng3 Rg4 26. Kf2 Rxg5 27. Qxd7+ Nxd7 28. e4 Nhf6 29. Nf5 Kc7 30. Rh1 g6 31. Ng7 Rg4 32. Bf3 dxe4 33. Bxg4 Nxg4+ 34. Kg3 Ne3 35. Ne8+ Kb6 36. Nxd6 exd3 37. cxd3 1-0

[Event "Prague Summer op 7th"]
[Site "Prague"]
[Date "2020.08.09"]
[Round "2"]
[White "Toman, Jan"]
[Black "Csiki, Endre"]
[Result "1/2-1/2"]
[WhiteElo "2085"]
[BlackElo "2279"]
[PlyCount "58"]
[EventDate "2020.08.08"]
[EventType "swiss"]
[EventRounds "9"]
[EventCountry "CZE"]
[SourceTitle "CBM 197 Extra"]
[Source "ChessBase"]
[SourceDate "2020.09.30"]
[SourceVersion "1"]
[SourceVersionDate "2020.09.30"]
[SourceQuality "1"]

1. d4 Nf6 2. c4 g6 3. Nc3 d5 4. cxd5 Nxd5 5. Bd2 Bg7 6. e4 Nxc3 7. Bxc3 0-0 8. Nf3 Bg4 9. Be2 c5 10. d5 e6 11. 0-0 exd5 12. exd5 Qd6 13. Qb3 b6 14. h3 Bxf3 15. Bxf3 Nd7 16. a4 Rab8 17. Rfe1 Ne5 18. Be2 Rfd8 19. Rad1 Nd7 20. Bb5 Bxc3 21. bxc3 Rbc8 22. Re6 Qf4 23. Re7 Nf6 24. c4 Rc7 25. Rde1 Rxe7 26. Rxe7 a6 27. Bxa6 Re8 28. Rxe8+ Nxe8 29. Qxb6 Qc1+ 1/2-1/2

[Event "EU-ch Online U2300 Qual"]
[Site "Chess.com INT"]
[Date "2020.05.25"]
[Round "1"]
[White "Buksa, Nataliya"]
[Black "Toman, Jan"]
[Result "1-0"]
[WhiteElo "2410"]
[BlackElo "2072"]
[PlyCount "105"]
[EventDate "2020.05.25"]
[EventType "swiss"]
[EventRounds "8"]
[EventCountry "NET"]
[SourceTitle "EXT 2021"]
[Source "ChessBase"]
[SourceDate "2020.10.23"]
[SourceVersion "1"]
[SourceVersionDate "2020.10.23"]
[SourceQuality "1"]

1. e4 e6 2. d4 d5 3. Nd2 c5 4. Ngf3 cxd4 5. Nxd4 Nc6 6. Bb5 Qb6 7. exd5 exd5 8. Qe2+ Be7 9. Nxc6 bxc6 10. Bd3 Nf6 11. 0-0 Bg4 12. Qe5 Be6 13. Nf3 0-0 14. Ng5 Qb8 15. Qxb8 Raxb8 16. Nxe6 fxe6 17. Re1 Kf7 18. h3 Bd6 19. b3 Bb4 20. Re2 Bc3 21. Rb1 e5 22. Bd2 Bxd2 23. Rxd2 e4 24. Bf1 Rfe8 25. Rbd1 Re5 26. c4 Rbe8 27. cxd5 cxd5 28. Rd4 R8e7 29. Rc1 e3 30. fxe3 Rxe3 31. Kf2 R3e4 32. Rcd1 Rxd4 33. Rxd4 Re4 34. Rxe4 Nxe4+ 35. Ke3 Ke6 36. Bd3 Nf6 37. Kd4 Kd6 38. g4 h6 39. Bg6 Nd7 40. Bf7 Nb6 41. Bg8 a5 42. Bf7 g5 43. Bg8 Kc6 44. a3 Kd6 45. Bf7 Kc6 46. Be8+ Kd6 47. b4 axb4 48. axb4 Nc4 49. Bf7 Nb6 50. Bg8 Kc6 51. Ke5 Nd7+ 52. Kf5 d4 53. Bc4 1-0